[Event "IECC CL6-2002.23"]
[Site "IECC email"]
[Date "2002.08.17"]
[Round "?"]
[White "Harvey, Stephen"]
[Black "Van Gimst, Herman"]
[Result "0-1"]
[WhiteElo "1124"]
[BlackElo "1130"]
[PlyCount "70"]
[EventDate "2002.??.??"]
[EventType "tourn (corr)"]
[EventRounds "4"]
[SourceTitle "Corr 2008"]
[Source "ChessBase"]
[SourceDate "2008.06.24"]
[SourceVersion "1"]
[SourceVersionDate "2008.06.24"]
[SourceQuality "1"]

1. d4 Nf6 2. c4 e6 3. Nc3 Bb4 4. e3 c5 5. Nge2 b6 6. a3 Ba5 7. Qc2 0-0 8. Bd2 Bxc3 9. Nxc3 cxd4 10. exd4 d5 11. cxd5 Nxd5 12. Bd3 Nf6 13. Bg5 Bb7 14. 0-0 Qxd4 15. Bxf6 Qxf6 16. Bxh7+ Kh8 17. Be4 Nc6 18. Qe2 g6 19. Qf3 Qxf3 20. Bxf3 Nd8 21. Bxb7 Nxb7 22. Rad1 Na5 23. Rd7 Nc4 24. Rb1 Kg7 25. a4 Rfc8 26. g3 a6 27. Ne4 Ne5 28. Rd6 b5 29. a5 Nc4 30. Rd4 Ne5 31. Rdd1 f5 32. Nd6 Rd8 33. Nc4 Rxd1+ 34. Rxd1 bxc4 35. Rc1 Rb8 0-1

[Event "IECC CL6-2002.23"]
[Site "IECC email"]
[Date "2002.08.17"]
[Round "?"]
[White "Melo, Olavo"]
[Black "Harvey, Stephen"]
[Result "1-0"]
[WhiteElo "1240"]
[BlackElo "1084"]
[PlyCount "35"]
[EventDate "2002.??.??"]
[EventType "tourn (corr)"]
[EventRounds "4"]
[SourceTitle "Corr 2008"]
[Source "ChessBase"]
[SourceDate "2008.06.24"]
[SourceVersion "1"]
[SourceVersionDate "2008.06.24"]
[SourceQuality "1"]

1. e4 c5 2. Nf3 e6 3. d4 cxd4 4. Nxd4 Nf6 5. Nb5 Nc6 6. Bd3 Bc5 7. 0-0 0-0 8. Nd2 d5 9. exd5 Nxd5 10. Ne4 Be7 11. Qf3 a6 12. Nbc3 Nxc3 13. Nxc3 Qd7 14. Bf4 b5 15. Rad1 Qe8 16. Rfe1 Bd7 17. Qh3 f5 18. Qg3 1-0

[Event "IECC CL6-2002.19"]
[Site "IECC email"]
[Date "2002.06.12"]
[Round "?"]
[White "Harvey, Stephen"]
[Black "Gilliam, Domenic"]
[Result "0-1"]
[WhiteElo "1071"]
[BlackElo "1238"]
[PlyCount "50"]
[EventDate "2002.??.??"]
[EventType "tourn (corr)"]
[EventRounds "4"]
[SourceTitle "Corr 2008"]
[Source "ChessBase"]
[SourceDate "2008.06.24"]
[SourceVersion "1"]
[SourceVersionDate "2008.06.24"]
[SourceQuality "1"]

1. d4 d6 2. c4 Nf6 3. Nc3 Nc6 4. Nf3 Bf5 5. g3 Qd7 6. Bg2 0-0-0 7. 0-0 e5 8. d5 Na5 9. b3 b6 10. Be3 Be7 11. Nb5 Kb7 12. Qd2 c6 13. dxc6+ Nxc6 14. a4 d5 15. Rfd1 Ne4 16. Qxd5 Qe8 17. Qxe5 Nxe5 18. Nxe5 Rxd1+ 19. Rxd1 Bb4 20. Nd3 Be7 21. Nf4 Kb8 22. a5 Bc5 23. Bxc5 bxc5 24. f3 Nc3 25. Nxc3 Qe3+ 0-1

[Event "IECC Swiss email"]
[Site "IECC email"]
[Date "2002.06.10"]
[Round "?"]
[White "Harvey, Stephen"]
[Black "Schalkwijk, Peter H"]
[Result "0-1"]
[WhiteElo "1200"]
[BlackElo "1708"]
[PlyCount "50"]
[EventDate "2002.??.??"]
[EventType "tourn (corr)"]
[EventRounds "6"]
[SourceTitle "Corr 2008"]
[Source "ChessBase"]
[SourceDate "2008.06.24"]
[SourceVersion "1"]
[SourceVersionDate "2008.06.24"]
[SourceQuality "1"]

1. e4 Nf6 2. e5 Nd5 3. d4 d6 4. Nf3 Bg4 5. Be2 c6 6. c4 Nb6 7. Nc3 dxe5 8. Nxe5 Bxe2 9. Qxe2 Qxd4 10. 0-0 N8d7 11. Nxd7 Nxd7 12. Be3 Qe5 13. Rfd1 e6 14. Rd3 Bc5 15. Rad1 0-0-0 16. b3 Bxe3 17. Rxe3 Qc7 18. Ne4 Ne5 19. b4 Rxd1+ 20. Qxd1 Rd8 21. Qc2 Ng4 22. g3 Nxe3 23. fxe3 f5 24. Nf2 Qe5 25. Qe2 Qc3 0-1

[Event "IECC M email"]
[Site "IECC email"]
[Date "2002.05.24"]
[Round "?"]
[White "Harvey, Stephen"]
[Black "Castro, Leandro Nicolas"]
[Result "1-0"]
[WhiteElo "1194"]
[BlackElo "1100"]
[PlyCount "39"]
[EventDate "2002.??.??"]
[EventType "tourn (corr)"]
[EventRounds "6"]
[SourceTitle "Corr 2008"]
[Source "ChessBase"]
[SourceDate "2008.06.24"]
[SourceVersion "1"]
[SourceVersionDate "2008.06.24"]
[SourceQuality "1"]

1. e4 e5 2. Nf3 Nc6 3. Bb5 a6 4. Ba4 b5 5. Bb3 Bb7 6. 0-0 Nf6 7. Re1 Bc5 8. c3 Qe7 9. d4 Bb6 10. Bg5 h6 11. Bh4 d6 12. d5 Na5 13. Bc2 0-0 14. Nbd2 Bc8 15. b4 Nb7 16. Qe2 g5 17. Bg3 Nh5 18. c4 g4 19. Nh4 a5 20. a3 1-0